Financing Clean Energy Access in Sub-Saharan Africa (Record no. 34414)
[ view plain ]
| 000 -LEADER | |
|---|---|
| fixed length control field | 00615nam a2200121Ia 4500 |
| 008 - FIXED-LENGTH DATA ELEMENTS--GENERAL INFORMATION | |
| fixed length control field | 220620s9999||||xx |||||||||||||| ||und|| |
| 100 ## - MAIN ENTRY--PERSONAL NAME | |
| Personal name | Michoud, Bruno||Hafner, Manfred |
| 245 #0 - TITLE STATEMENT | |
| Title | Financing Clean Energy Access in Sub-Saharan Africa |
| Remainder of title | Risk Mitigation Strategies and Innovative Financing Structures |
| 546 ## - LANGUAGE NOTE | |
| Language note | English[eng] |
| 650 ## - SUBJECT ADDED ENTRY--TOPICAL TERM | |
| Topical term or geographic name entry element | Development Finance||Energy Access||Sustainability||Risk Mitigation Strategies||Energy Transition||Energy Finance||Clean Energy||Development Economics||Energy Security |
| 856 ## - ELECTRONIC LOCATION AND ACCESS | |
| Uniform Resource Identifier | <a href="https://library.oapen.org/bitstream/20.500.12657/50416/1/978-3-030-75829-5.pdf">https://library.oapen.org/bitstream/20.500.12657/50416/1/978-3-030-75829-5.pdf</a> |
| 942 ## - ADDED ENTRY ELEMENTS (KOHA) | |
| Koha item type | E-Books |
| Withdrawn status | Lost status | Damaged status | Not for loan | Home library | Current library | Date acquired | Total Checkouts | Date last seen | Price effective from | Koha item type |
|---|---|---|---|---|---|---|---|---|---|---|
| Kerala University of Digital Sciences, Innovation and Technology Knowledge Centre | Kerala University of Digital Sciences, Innovation and Technology Knowledge Centre | 20/06/2022 | 20/06/2022 | 20/06/2022 | E-Books |